=LDR 00000nam 2200000 4500 =001 000131 =020 $9786029224016 =082 $613.200 =245 $Yuk! mengenal makanan dan minuman tiga bahasa Indonesia Inggris Arab =250 $Cetakan III =264 $Bogor: Little Bee 2023 =300 $24 halaman; 20 cm. =650 $Kesehatan =905 $613.2 YUK =336 $$a =337 $$a =338 $$a =005 20260702151432.0 =008 260702s2026\\\\\\\\\\\\\\\\\\\\\\\\\\\\\\\\\\\\\\\\\